|
|
|
|
| LEADER |
00670cam a2200181 7i4500 |
| 001 |
0000006216 |
| 005 |
20190617090000.0 |
| 020 |
|
|
|a 9780133325782
|
| 020 |
|
|
|a 0133325784 (pbk.)
|
| 090 |
0 |
0 |
|a TA1632
|b .J35 1989
|
| 100 |
1 |
|
|a Jain, Anil K
|
| 245 |
1 |
0 |
|a Fundamentals of digital image processing
|c Anil K. Jain.
|
| 260 |
|
|
|a Englewood Cliffs
|a London:
|b Prentice-Hall,
|c 1989.
|
| 300 |
|
|
|a xxi, 569 p.:
|b ill.;
|c 23 cm.
|
| 490 |
0 |
|
|a Prentice-Hall information and system sciences series
|
| 650 |
0 |
0 |
|a Image processing --
|x Digital techniques
|
| 997 |
|
|
|a Engineering & Life Sciences, Faculty
|b Engineering, Department
|
| 999 |
|
|
|a 0000005478
|b BOK
|c OPEN SHELF
|e 2nd Floor, Bestari Jaya
|